| 000 | 00673nam a22001817a 4500 | ||
|---|---|---|---|
| 999 |
_c80766 _d80766 |
||
| 008 | 201130b ||||| |||| 00| 0 eng d | ||
| 040 |
_bger _cDE-2950 _erda _aDE-2950 |
||
| 041 | _ager | ||
| 245 |
_aHang des Schlossbergs vermessen. _bUntersuchung: Bei einem Vorort-Termin wurde die Vorgehensweise zum Nachweis möglicher Rutschungen festgelegt. |
||
| 653 | _aLebus <Stadt> | ||
| 653 | _aSchlossberg | ||
| 653 | _aHangsicherung | ||
| 773 |
_dFrankfurt (Oder): Märkisches Verlags- und Druckhaus GmbH & Co KG _g32. Jahrgang (2021) Nr. 45 vom 23.02.2021, S. 15 _tMärkische Oderzeitung |
||
| 942 | _cA | ||